| 000 | 01004nam a2200289 i 4500 | ||
|---|---|---|---|
| 003 | EG-GICUC | ||
| 005 | 20260502102116.0 | ||
| 008 | 260502s1905 -ukab||fr|||| 001 0 eng d | ||
| 040 |
_aEG-GiCUC _beng _cEG-GiCUC _dEG-GiCUC _erda |
||
| 041 | 0 | _aeng | |
| 082 | 0 | 4 |
_221 _a342.042 _bHU . H |
| 092 | 0 | 4 | _221 |
| 099 | _aLaw1 08 342.042 HU . H 1905 | ||
| 100 | 1 |
_aHunt, William _eAuthor. |
|
| 245 | 1 | 4 |
_aThe History Of England : _nX, _p From The Accession Of George Iii. To The Close Of Pitt's First Administration 1760-1801 / _bBy William Hunt. |
| 264 | 1 |
_aLondon : _bLongmans, Green, And Co, _c1905. |
|
| 300 |
_a495 pages : _billustrations, _c24 cm |
||
| 336 |
_2rda content _atext |
||
| 337 |
_2rda media _aComputer |
||
| 338 |
_2rda carrier _aOnline Resource |
||
| 504 | _aIncludes bibliographical references and index. | ||
| 546 | _aText in English | ||
| 650 | 1 | 4 | _aConstitutional law |
| 856 | 4 | 0 | _uhttps://fll.law.cu.edu.eg/fulltext/bks/B08-05117.pdf |
| 905 | _a48 | ||
| 942 |
_2ddc _cBK _e21 _n0 |
||
| 999 |
_c74769 _d74769 |
||